Jasnosť (a komunikácia) nad všetko

Bibliographic Details
Main Authors: Krajčovičová, Jela (Author), Kasarda, Martin, 1968- (Author)
Format: Article
Language:Slovak
ISSN:0231-6714
Subjects:

MARC

LEADER 00000nab a2200000 a 4500
001 vtls000641155
003 SK-MaSNL
005 20260304094821.0
008 250425c1997 xo 0 slo
015 |a SNBRB19rr/mm-uuuuu 
035 |a CL0641294 
035 |a urn:nbn:sk:snk-abbraa 
035 |a (urnnbn)urn:nbn:sk:snk:ar-0000w1 
035 |a (uuid)2b840280-75cf-4681-a412-2b40c252c780 
040 |a SNKBUCL  |b slo  |c SNKBUCL  |e AACR2 
041 0 |a slo 
044 |a xo  |c SK 
080 |a 82(091)(048):885.4"196"  |2 1981 
080 |a 885.4(091)"196"(048)  |2 1981 
080 |a 82.09:885.4-1(048)  |2 1981 
080 |a 885.4-1.09(048)  |2 1981 
100 1 |a Krajčovičová, Jela  |4 aut  |9 335474 
245 1 0 |a Jasnosť (a komunikácia) nad všetko  |c Jela Krajčovičová 
650 0 7 |a Osamelí bežci (básnická skupina : Slovensko)  |2 snkbucl  |9 28907 
655 7 |a články z novín a časopisov  |2 snkbucl  |9 267496 
700 1 |a Kasarda, Martin,  |d 1968-  |4 aut  |9 116347 
773 0 |t Romboid  |g Roč. 32, č. 7 (1997), s. 75-76  |x 0231-6714 
787 0 8 |i Rec.:  |a Kasarda, Martin  |t Osamelí bežci  |d Levice : L.C.A., 1996 
850 |a Slovenská národná knižnica 
852 |a Slovenská národná knižnica 
958 |a article15 
958 |a LX 
958 |a SK 
958 |a RK 
958 |a OND 
958 |a EUIPO 
992 |a RBX 
999 |c 2829115  |d 2831045